000 00667nam a2200277Ia 4500
005 20260324113010.0
008 008 260324s9999 xx 000 0 eng d
020 _a9781032670386
037 _aEBOOK
040 _aCRL
040 _beng
040 _cCRL
041 _2eng
041 _aeng
084 _qCRL
100 _aIchiro Ario; Machi Zawidzki
_91145013
245 0 _aApplication of Group Theory to Symmetric Structures
260 _bTaylor and Francis
260 _c2024
365 _a
365 _b185
856 _uhttp://www.taylorfrancis.com/books/9781032670386
942 _cEBOOK
999 _c1734424
_d1734424